000
00303nam a22001457a 4500
008
181018b xxu||||| |||| 00| 0 eng d
020
_a
0879803584
041
_a
eng
080
_a
615.83
082
_a
615.83
100
_a
8
101
_a
EGZ
245
_a
Reflexology
_c
SEGAL.M
942
_2
udc
_c
BK
999
_c
50094
_d
50094